Central Library || Chittagong University

Bangladesh : (Record no. 80620)

MARC details
000 -LEADER
fixed length control field 00516nam a2200217 454500
001 - CONTROL NUMBER
control field 080620
003 - CONTROL NUMBER IDENTIFIER
control field BD-ChCU
005 - DATE AND TIME OF LATEST TRANSACTION
control field 20251202085651.0
008 - FIXED-LENGTH DATA ELEMENTS--GENERAL INFORMATION
fixed length control field Eng
020 ## - INTERNATIONAL STANDARD BOOK NUMBER
International Standard Book Number x
040 ## - CATALOGING SOURCE
Original cataloging agency DLC
Transcribing agency DLC
Modifying agency BD-ChCU
082 00 - DEWEY DECIMAL CLASSIFICATION NUMBER
Classification number REF.954.9205/MAB
100 1# - MAIN ENTRY--PERSONAL NAME
Personal name Mascarenhas,Anthony.
Numeration x
245 10 - TITLE STATEMENT
Title Bangladesh :
Remainder of title A Legacy of Blood
250 ## - EDITION STATEMENT
Edition statement x
260 ## - PUBLICATION, DISTRIBUTION, ETC.
Place of publication, distribution, etc. London:
Name of publisher, distributor, etc. Hodder & Stoughton,
Date of publication, distribution, etc. c1986
300 ## - PHYSICAL DESCRIPTION
Extent vi,186p.
650 #0 - SUBJECT ADDED ENTRY--TOPICAL TERM
Topical term or geographic name entry element Bangladesh-Hist.
Topical term following geographic name entry element Bangladesh-Hist.
700 1# - ADDED ENTRY--PERSONAL NAME
Personal name x
942 ## - ADDED ENTRY ELEMENTS (KOHA)
Source of classification or shelving scheme Dewey Decimal Classification
Koha item type Books
Holdings
Withdrawn status Lost status Source of classification or shelving scheme Damaged status Not for loan Home library Current library Shelving location Date acquired Source of acquisition Total Checkouts Full call number Barcode Date last seen Copy number Price effective from Koha item type
    Dewey Decimal Classification     Chittagong University Library Chittagong University Library Reference 06/14/2015 Purchase   REF954.9205/M394b 138290 09/13/2015 01 09/13/2015 Books
    Dewey Decimal Classification     Chittagong University Library Chittagong University Library Reference 06/14/2015 Purchase   REF954.9205/M394b 275432 09/13/2015 02 09/13/2015 Books
    Dewey Decimal Classification     Chittagong University Library Chittagong University Library Reference 06/14/2015 Purchase   REF954.9205/M394b 276613 09/13/2015 03 09/13/2015 Books
    Dewey Decimal Classification     Chittagong University Library Chittagong University Library Reference 08/01/2017 Purchase   REF954.9205/M394b 311512 08/08/2017 05 08/01/2017 Books
    Dewey Decimal Classification     Chittagong University Library International Relations Seminar Library Reference 08/01/2017 Purchase   REF954.9205/M394b 311511 08/01/2017 04 08/01/2017 Books
© Copyright 2026. Chittagong University Library, Installation and Maintenance by Prof. Dr. Md. Alamgir, 01711306253